A comprehensive approach to the research of materials for harsh radiation environments

Salvato in:
Dettagli Bibliografici
Autore principale: Kršjak, Vladimír (Autore)
Altri autori: (Relatore della tesi)
Natura: Manoscritto Libro
Lingua:slovacco
inglese
Pubblicazione: Bratislava : STU v Bratislave FEI, 2024
Soggetti:
Accesso online:https://opac.crzp.sk/?fn=detailBiblioFormChildC8M14&sid=14AB3A6774236FA24A95D42D36BC&seo=CRZP-detail-kniha
Tags: Aggiungi Tag
Nessun Tag, puoi essere il primo ad aggiungerne!!

MARC

LEADER 00000ntm a22000003a 4500
001 stuzp101188
003 SK-STU
005 20250116105747.4
007 ta
008 150427s2015----xo-----f-mn---000-0-slo-d
040 |a STU  |b slo 
041 0 |a eng 
044 |a xo 
100 1 |a Kršjak, Vladimír  |u 030690  |k Z2  |4 aut  |U FEI Fakulta elektrotechniky a informatiky  |T FEI Stredisko pre projekty a spoluprácu s praxou  |X 1787  |U 030690  |Y 387  |7 A000001787 
242 0 1 |a Komplexný výskum materiálov pre použitie v náročných radiačných prostrediach  |y slo 
245 1 0 |a A comprehensive approach to the research of materials for harsh radiation environments 
260 |a Bratislava :  |b STU v Bratislave FEI,  |c 2024 
300 |a 91 s. 
650 4 |a héliové krehnutie,  |2 slo 
650 4 |a pozitrónová anihilačná spektroskopia  |2 slo 
650 4 |a radiačne odolné materiály  |2 slo 
650 4 |a radiation-tolerant materials  |2 eng 
650 4 |a positron annihilation spectroscopy  |2 eng 
650 4 |a helium embrittlement  |2 eng 
700 1 |a ,  |4 ths  |X null  |7 null 
856 4 |u https://opac.crzp.sk/?fn=detailBiblioFormChildC8M14&sid=14AB3A6774236FA24A95D42D36BC&seo=CRZP-detail-kniha 
996 |b 284ED01695  |c E*ZP- 620  |l EE01  |s A  |a 24  |w stuzp101188_0001